The study on banna chain in cambodia with the emphasis on major markets phhnom penh, សិក្សាអំពីការធ្វើចរាចរផលិតផលចេកនៅកម្ពុជា ដោយធ្វើការផ្ដោតជាសំខាន់ទៅលើទីផ្សារធំៗនៅរាជធានីភ្នំពេញ. (Record no. 4691)

000 -LEADER
fixed length control field 00757nam a22001577a 4500
003 - CONTROL NUMBER IDENTIFIER
control field OSt
005 - DATE AND TIME OF LATEST TRANSACTION
control field 20151217151527.0
008 - FIXED-LENGTH DATA ELEMENTS--GENERAL INFORMATION
fixed length control field 151217b xxu||||| |||| 00| 0 eng d
040 ## - CATALOGING SOURCE
Transcribing agency RUA
082 ## - DEWEY DECIMAL CLASSIFICATION NUMBER
Classification number AED UN 2006 B221 Or.1
100 ## - MAIN ENTRY--PERSONAL NAME
9 (RLIN) 5043
Personal name UN SOPHEA; អ៊ុន សុភា
245 ## - TITLE STATEMENT
Title The study on banna chain in cambodia with the emphasis on major markets phhnom penh, សិក្សាអំពីការធ្វើចរាចរផលិតផលចេកនៅកម្ពុជា ដោយធ្វើការផ្ដោតជាសំខាន់ទៅលើទីផ្សារធំៗនៅរាជធានីភ្នំពេញ.
260 ## - PUBLICATION, DISTRIBUTION, ETC. (IMPRINT)
Place of publication, distribution, etc. Phnom Penh
Name of publisher, distributor, etc. RUA
Date of publication, distribution, etc. 2006
300 ## - PHYSICAL DESCRIPTION
Extent xii; 56p.
Other physical details ill.
Dimensions 29cm.
942 ## - ADDED ENTRY ELEMENTS (KOHA)
Source of classification or shelving scheme
Koha item type AED
Holdings
Price effective from Date last seen Permanent Location Not for loan Date acquired Date last checked out Source of classification or shelving scheme Koha item type Total Checkouts Barcode Lost status Damaged status Withdrawn status Current Location Full call number
2015-12-172020-01-13Library Block B 2015-12-172020-01-06 AED1RUA012310   Library Block BAED UN 2006 B221 Or.1
2015-12-172015-12-17Library Block B 2015-12-17  AED RUA012748   Library Block BAED UN 2006 B221 Or.2
2015-12-172015-12-17Library Block B 2015-12-17  AED RUA001893   Library Block BAED UN 2006 B221 Or.3
មជ្ឈមណ្ឌលឯការនៃសាកលវិទ្យាល័យភូមិន្ទកសិកម្មចំការដូង

Powered by Koha